[Event "4NCL/Div2/OXF1 vs. BRI1"]
[Site "Wokefield Park ENG"]
[Date "2008.03.01"]
[Round "7.3"]
[White "Ozeren, Kemal"]
[Black "Walker, Martin"]
[Result "1/2-1/2"]
[WhiteElo "2316"]
[BlackElo "2250"]
[PlyCount "175"]
[EventDate "2008.03.01"]
[EventType "team"]
[EventRounds "11"]
[EventCountry "ENG"]
[SourceDate "2007.09.15"]

1. d4 Nf6 2. Nf3 g6 3. c4 Bg7 4. Nc3 d5 5. Bg5 Ne4 6. cxd5 Nxg5 7. Nxg5 e6 8.
Nf3 exd5 9. b4 O-O 10. e3 Bf5 11. Bd3 Bxd3 12. Qxd3 a5 13. b5 c6 14. O-O Nd7
15. bxc6 bxc6 16. Na4 Rb8 17. Qc2 Qc7 18. Rab1 Rfc8 19. Rxb8 Rxb8 20. Rb1 Bf8
21. Rxb8 Qxb8 22. Qb3 Bb4 23. a3 Bd6 24. Qxb8+ Nxb8 25. Nc5 Bxc5 26. dxc5 Kf8
27. Ne5 Ke7 28. Kf1 f6 29. Nd3 Nd7 30. Ke2 Kd8 31. Kd2 Kc7 32. Kc3 Kb7 33. f4
Kc7 34. g4 Nf8 35. g5 fxg5 36. fxg5 Ne6 37. h4 Ng7 38. Nf4 Kd7 39. Kd3 Ne6 40.
Nxe6 Kxe6 41. Kd4 Kf5 42. a4 Kg4 43. Ke5 Kxh4 44. Kd6 Kxg5 45. Kxc6 h5 46. Kd6
h4 47. c6 h3 48. c7 h2 49. c8=Q h1=Q 50. Qd8+ Kf5 51. Qxa5 g5 52. Qxd5+ Qxd5+
53. Kxd5 g4 54. e4+ Kf4 55. e5 g3 56. e6 g2 57. e7 g1=Q 58. e8=Q Qd1+ 59. Kc5
Qc2+ 60. Kb5 Qb3+ 61. Ka5 Qc3+ 62. Ka6 Qc4+ 63. Qb5 Qc8+ 64. Ka7 Ke3 65. Qb6+
Kd2 66. Qd6+ Kc3 67. a5 Kc4 68. a6 Kb5 69. Qe5+ Kc6 70. Qe4+ Kd6 71. Qb4+ Kd7
72. Qg4+ Kc7 73. Qg7+ Kd6 74. Qf6+ Kd7 75. Qd4+ Kc7 76. Qc5+ Kd7 77. Qd5+ Kc7
78. Qb7+ Kd8 79. Kb6 Qc4 80. Qc6 Qb4+ 81. Ka7 Qe7+ 82. Qb7 Qc7 83. Ka8 Kd7 84.
Qd5+ Ke8 85. Qe6+ Kd8 86. Qg8+ Kd7 87. Qf7+ Kd8 88. Qxc7+ 1/2-1/2

[Event "4NCL/Div2/OXF1 vs. BRI1"]
[Site "Wokefield Park ENG"]
[Date "2008.03.01"]
[Round "7.4"]
[White "Buckley, David E"]
[Black "Rose, Matthew"]
[Result "1-0"]
[WhiteElo "2232"]
[BlackElo "2248"]
[PlyCount "75"]
[EventDate "2008.03.01"]
[EventType "team"]
[EventRounds "11"]
[EventCountry "ENG"]
[SourceDate "2007.09.15"]

1. d4 Nf6 2. Bg5 d5 3. Bxf6 gxf6 4. e3 c5 5. c4 cxd4 6. exd4 Nc6 7. Nc3 dxc4 8.
d5 Ne5 9. Bxc4 Nxc4 10. Qa4+ Bd7 11. Qxc4 Rc8 12. Qe4 f5 13. Qf3 Qb6 14. Nge2
Bg7 15. Rb1 O-O 16. O-O e5 17. dxe6 fxe6 18. Nf4 Qc6 19. Qg3 Kh8 20. Rbd1 Be8
21. Rd6 Qxd6 22. Ng6+ Bxg6 23. Qxd6 Rc6 24. Qd2 e5 25. Rd1 Be8 26. Qe2 Rc8 27.
Nb5 Rc5 28. Nd6 b6 29. b4 Rc7 30. Nxe8 Rxe8 31. h3 e4 32. Qb5 Rf8 33. Rd7 Rc1+
34. Kh2 f4 35. Qg5 Rg8 36. Qxf4 Re1 37. Qd2 Ra1 38. Rxg7 1-0

[Event "4NCL/Div2/OXF1 vs. BRI1"]
[Site "Wokefield Park ENG"]
[Date "2008.03.01"]
[Round "7.5"]
[White "Eckersley-Waites, Tom"]
[Black "Poobalasingam, Peter"]
[Result "0-1"]
[WhiteElo "2215"]
[BlackElo "2165"]
[PlyCount "62"]
[EventDate "2008.03.01"]
[EventType "team"]
[EventRounds "11"]
[EventCountry "ENG"]
[SourceDate "2007.09.15"]

1. e4 c5 2. Nf3 d6 3. d4 cxd4 4. Nxd4 Nf6 5. Nc3 Nc6 6. Bc4 e6 7. Bb3 Be7 8.
Be3 a6 9. Qe2 Qc7 10. O-O-O Na5 11. g4 b5 12. g5 Nxb3+ 13. axb3 Nd7 14. Nf5
exf5 15. Nd5 Qd8 16. exf5 Bb7 17. f6 gxf6 18. gxf6 Bxd5 19. fxe7 Qa5 20. Rhg1
Ne5 21. Rg3 Qa1+ 22. Kd2 Qxb2 23. Ke1 Qc3+ 24. Kf1 Qc6 25. Bd4 Be6 26. Bxe5
Qh1+ 27. Rg1 Bh3+ 28. Ke1 Qxg1+ 29. Kd2 Qg5+ 30. f4 Qxe7 31. Qf3 dxe5 0-1

[Event "4NCL/Div2/OXF1 vs. BRI1"]
[Site "Wokefield Park ENG"]
[Date "2008.03.01"]
[Round "7.6"]
[White "Curtis, John"]
[Black "Smallbone, Kieran"]
[Result "0-1"]
[WhiteElo "2127"]
[BlackElo "2230"]
[PlyCount "112"]
[EventDate "2008.03.01"]
[EventType "team"]
[EventRounds "11"]
[EventCountry "ENG"]
[SourceDate "2007.09.15"]

1. d4 d5 2. Nf3 Nf6 3. e3 Bg4 4. c4 c6 5. cxd5 Bxf3 6. Qxf3 cxd5 7. Nc3 e6 8.
Bd3 Nc6 9. Bd2 Be7 10. O-O O-O 11. Rac1 Rc8 12. Rfd1 Qd7 13. Ne2 Rc7 14. a3
Rfc8 15. Bc3 Bd6 16. g4 Qe7 17. Ng3 Na5 18. g5 Nd7 19. e4 Nb3 20. Rb1 Qxg5 21.
exd5 exd5 22. Bc2 Na5 23. Bf5 Nc4 24. Qxd5 g6 25. Be4 Qh4 26. Bg2 Nf6 27. Qf3
Nxa3 28. d5 Ng4 29. Ra1 Nb5 30. h3 Nxc3 31. bxc3 Ne5 32. Qe4 Qxe4 33. Nxe4 Nc4
34. Rxa7 f5 35. Ng5 Bc5 36. Ra2 Nd6 37. Ne6 Re7 38. Nxc5 Rxc5 39. Rc2 Kf7 40.
Kf1 Rec7 41. Re1 Nb5 42. Rb2 Rd7 43. Rb3 h5 44. Re3 Nd6 45. Re6 b5 46. Ke2 Re7
47. Rxe7+ Kxe7 48. Ra3 Rc4 49. Ra7+ Kf6 50. Ra6 Ke5 51. Rc6 g5 52. Ke3 f4+ 53.
Kd2 g4 54. hxg4 hxg4 55. Rb6 Ra4 56. c4 Nxc4+ 0-1

[Event "4NCL/Div2/OXF1 vs. BRI1"]
[Site "Wokefield Park ENG"]
[Date "2008.03.01"]
[Round "7.7"]
[White "Dickinson, Timothy R"]
[Black "Hunt-Grubbe, Henry"]
[Result "1-0"]
[WhiteElo "2166"]
[BlackElo "1980"]
[PlyCount "81"]
[EventDate "2008.03.01"]
[EventType "team"]
[EventRounds "11"]
[EventCountry "ENG"]
[SourceDate "2007.09.15"]

1. e4 e6 2. d4 d5 3. Nd2 c5 4. Ngf3 Nc6 5. exd5 exd5 6. Bb5 a6 7. Bxc6+ bxc6 8.
Ne5 Qc7 9. Qe2 Be6 10. Ndf3 c4 11. Nxf7 Qxf7 12. Ng5 Qf6 13. Qxe6+ Be7 14. O-O
Qxe6 15. Nxe6 Kf7 16. Re1 h6 17. Nc5 Nf6 18. b3 Bxc5 19. dxc5 cxb3 20. axb3
Rhb8 21. f3 Rb4 22. Bd2 Rb5 23. b4 Nd7 24. Ra3 Ra7 25. Rea1 Nb8 26. Ra4 Rab7
27. Kf2 Re7 28. Bf4 Re6 29. c3 Kf6 30. Rd1 Rb7 31. Bxb8 Rxb8 32. Rxa6 Rb7 33.
Rd2 Kf5 34. Rb6 Ra7 35. b5 Ra3 36. Rxc6 Rxc3 37. Rxd5+ Kf6 38. Rcd6 Rc2+ 39.
Kg3 Ke7 40. Rxe6+ Kxe6 41. Rd6+ 1-0

[Event "4NCL/Div2/OXF1 vs. BRI1"]
[Site "Wokefield Park ENG"]
[Date "2008.03.01"]
[Round "7.8"]
[White "Streeter, Harry"]
[Black "Vikanis, Georgs"]
[Result "1/2-1/2"]
[WhiteElo "1765"]
[BlackElo "1950"]
[PlyCount "60"]
[EventDate "2008.03.01"]
[EventType "team"]
[EventRounds "11"]
[EventCountry "ENG"]
[SourceDate "2007.09.15"]

1. e4 b6 2. d4 e6 3. g3 Bb7 4. Bg2 d5 5. e5 c5 6. c3 Nc6 7. Ne2 Nge7 8. O-O Nf5
9. f4 cxd4 10. g4 Nh4 11. cxd4 Nxg2 12. Kxg2 g6 13. Be3 h5 14. g5 Be7 15. h4
Rc8 16. Nd2 O-O 17. Ng3 Kg7 18. Rf2 Ba6 19. a3 Na5 20. b4 Nc4 21. Qb3 Qc7 22.
Nxc4 Qxc4 23. Qxc4 Rxc4 24. Rd2 Rfc8 25. Kf2 Rc2 26. Ne2 Rxd2 27. Bxd2 Bd3 {=}
28. Rc1 Rxc1 29. Bxc1 Bxe2 30. Kxe2 b5 1/2-1/2

[Event "4NCL/Div2/WES1 vs. PAP"]
[Site "Wokefield Park ENG"]
[Date "2008.03.01"]
[Round "7.2"]
[White "Emms, John M"]
[Black "Upton, Ian J"]
[Result "1-0"]
[WhiteElo "2502"]
[BlackElo "2260"]
[PlyCount "99"]
[EventDate "2008.03.01"]
[EventType "team"]
[EventRounds "11"]
[EventCountry "ENG"]
[SourceDate "2007.09.15"]

1. e4 e6 2. d4 d5 3. Nd2 c5 4. Ngf3 cxd4 5. exd5 Qxd5 6. Bc4 Qd6 7. O-O Nf6 8.
Nb3 Nc6 9. Nbxd4 Nxd4 10. Nxd4 a6 11. Re1 Qc7 12. Qe2 Bc5 13. c3 b5 14. Bd3
Bxd4 15. cxd4 O-O 16. Bg5 Nd5 17. Rac1 Qd6 18. Qe4 f5 19. Qh4 Bd7 20. Rc5 h6
21. Bd2 Rac8 22. b4 Rf6 23. Rec1 Nb6 24. Qf4 Qxf4 25. Bxf4 Rff8 26. Be5 Kf7 27.
f3 g6 28. Kf2 Rg8 29. h4 Ke7 30. g4 h5 31. Kg3 Na4 32. Rxc8 Rxc8 33. Rxc8 Bxc8
34. gxh5 gxh5 35. d5 exd5 36. Kf4 Nb6 37. Kg5 d4 38. Bxd4 Nd5 39. Bc5+ Kf7 40.
Bc2 Nc3 41. Kxh5 Be6 42. a3 Bd5 43. Kg5 Bxf3 44. Kxf5 Be2 45. Kg5 Nd5 46. h5
Nc7 47. Bg6+ Kg8 48. Bf5 Bc4 49. h6 Ne6+ 50. Kf6 1-0

[Event "4NCL/Div2/WES1 vs. PAP"]
[Site "Wokefield Park ENG"]
[Date "2008.03.01"]
[Round "7.3"]
[White "Corkett, Anthony R"]
[Black "Summerscale, Aaron"]
[Result "1/2-1/2"]
[WhiteElo "2306"]
[BlackElo "2475"]
[PlyCount "48"]
[EventDate "2008.03.01"]
[EventType "team"]
[EventRounds "11"]
[EventCountry "ENG"]
[SourceDate "2007.09.15"]

1. c4 c6 2. Nf3 d5 3. b3 Bg4 4. e3 Nf6 5. Bb2 e6 6. Be2 Nbd7 7. O-O Bd6 8. Nc3
O-O 9. d3 Re8 10. Rc1 a6 11. Nd4 Bxe2 12. Qxe2 e5 13. Nf5 Bf8 14. cxd5 cxd5 15.
Rfd1 g6 16. Ng3 Qe7 17. Nb1 Rac8 18. d4 e4 19. Ba3 Qe6 20. Bxf8 Rxf8 21. Qb2
Qd6 22. Rxc8 Rxc8 23. Rc1 Rc6 24. h3 Qc7 1/2-1/2

[Event "4NCL/Div2/WES1 vs. PAP"]
[Site "Wokefield Park ENG"]
[Date "2008.03.01"]
[Round "7.4"]
[White "Milliet, Sophie"]
[Black "Lock, Gavin R"]
[Result "0-1"]
[WhiteElo "2376"]
[BlackElo "2213"]
[PlyCount "82"]
[EventDate "2008.03.01"]
[EventType "team"]
[EventRounds "11"]
[EventCountry "ENG"]
[SourceDate "2007.09.15"]

1. e4 e6 2. d4 d5 3. e5 c5 4. c3 Qb6 5. Nf3 Nc6 6. a3 Nh6 7. b4 cxd4 8. cxd4
Nf5 9. Bb2 Be7 10. h4 Bd7 11. g4 Nh6 12. Rg1 f6 13. Bh3 O-O 14. exf6 Rxf6 15.
g5 Rxf3 16. Qxf3 Rf8 17. Qe3 Nf5 18. Bxf5 Rxf5 19. Nd2 a5 20. Nb3 axb4 21. Nc5
Bxc5 22. dxc5 Qb5 23. g6 d4 24. Bxd4 e5 25. gxh7+ Kxh7 26. Qg3 Rf7 27. Bb2 Bf5
28. a4 Qc4 29. Rc1 Qa2 30. Bxe5 Re7 31. f4 b3 32. Rd1 b2 33. Qxg7+ Rxg7 34.
Rxg7+ Kh6 35. Rd6+ Be6 36. Bxb2 Qb1+ 37. Rd1 Qxb2 38. Rg3 Nd4 39. Rd2 Qc1+ 40.
Rd1 Nc2+ 41. Ke2 Bc4+ 0-1

[Event "4NCL/Div2/WES1 vs. PAP"]
[Site "Wokefield Park ENG"]
[Date "2008.03.01"]
[Round "7.5"]
[White "Simons, Martin J"]
[Black "Hamdouchi, Adina"]
[Result "0-1"]
[WhiteElo "2228"]
[BlackElo "2288"]
[PlyCount "90"]
[EventDate "2008.03.01"]
[EventType "team"]
[EventRounds "11"]
[EventCountry "ENG"]
[SourceDate "2007.09.15"]

1. e4 g6 2. Nc3 Bg7 3. f4 c6 4. Nf3 d6 5. a4 Nf6 6. Be2 O-O 7. O-O d5 8. e5 Ne8
9. d4 Nc7 10. Be3 f6 11. Qe1 Bf5 12. Rc1 e6 13. Nd2 c5 14. g4 Nc6 15. Nb3 cxd4
16. Nxd4 Nxd4 17. Bxd4 Be4 18. Bd3 fxe5 19. fxe5 Bxd3 20. cxd3 Rxf1+ 21. Kxf1
Qg5 22. h3 Qf4+ 23. Bf2 Bxe5 24. d4 Bxd4 25. Ne2 Qxf2+ 26. Qxf2 Bxf2 27. Rxc7
Rf8 28. Rxb7 Bc5+ 29. Ke1 a5 30. Nc1 Rf3 31. Ke2 Rf2+ 32. Ke1 Rf3 33. Ke2 Rxh3
34. Nd3 Bd4 35. Rb5 Rh2+ 36. Kd1 Be3 37. Ne5 Bf4 38. Nc6 d4 39. Rb3 e5 40. Ke1
Kg7 41. Kf1 Kf6 42. Nxa5 e4 43. Nc4 Rc2 44. Nb6 e3 45. a5 Bg5 0-1

[Event "4NCL/Div2/WES1 vs. PAP"]
[Site "Wokefield Park ENG"]
[Date "2008.03.01"]
[Round "7.6"]
[White "Forbes, Cathy"]
[Black "Rutter, Nicholas"]
[Result "1/2-1/2"]
[WhiteElo "2104"]
[BlackElo "2177"]
[PlyCount "72"]
[EventDate "2008.03.01"]
[EventType "team"]
[EventRounds "11"]
[EventCountry "ENG"]
[SourceDate "2007.09.15"]

1. d4 d5 2. c3 Nf6 3. Bf4 e6 4. e3 c5 5. Bd3 Nc6 6. Nf3 Bd6 7. Bg3 Bxg3 8. hxg3
Qd6 9. Na3 a6 10. Qa4 Bd7 11. dxc5 Qxc5 12. Qf4 h6 13. g4 O-O-O 14. O-O-O Rhe8
15. g5 e5 16. Nxe5 Nxe5 17. gxf6 g5 18. Qd4 Qxd4 19. cxd4 Ng4 20. Rd2 Re6 21.
Re2 Rh8 22. Bf5 Rc6+ 23. Bc2 Nxf6 24. Kb1 h5 25. f3 h4 26. Bb3 Be6 27. Ka1 g4
28. fxg4 Bxg4 29. Rc2 Rxc2 30. Nxc2 Be6 31. a3 Ng4 32. Re1 Rg8 33. Rh1 {=} Nf6
34. Rxh4 Rxg2 35. Rf4 Ne4 36. Nb4 Rg1+ 1/2-1/2

[Event "4NCL/Div2/WES1 vs. PAP"]
[Site "Wokefield Park ENG"]
[Date "2008.03.01"]
[Round "7.7"]
[White "Neil, David R"]
[Black "Yurenok, Maria S"]
[Result "0-1"]
[WhiteElo "2176"]
[BlackElo "2033"]
[PlyCount "58"]
[EventDate "2008.03.01"]
[EventType "team"]
[EventRounds "11"]
[EventCountry "ENG"]
[SourceDate "2007.09.15"]

1. e4 c5 2. Nc3 Nc6 3. g3 g6 4. Bg2 Bg7 5. d3 d6 6. f4 e6 7. Nf3 Nge7 8. O-O
O-O 9. Be3 Nd4 10. Ne2 Nxe2+ 11. Qxe2 Bxb2 12. Rab1 Bg7 13. g4 Rb8 14. Qf2 b6
15. Qg3 f5 16. gxf5 exf5 17. h4 Bb7 18. Ng5 Qd7 19. h5 h6 20. Nh3 gxh5 21. Kf2
fxe4 22. dxe4 Qg4 23. Bf3 Qxg3+ 24. Kxg3 d5 25. e5 Nf5+ 26. Kf2 Nxe3 27. Kxe3
d4+ 28. Kd2 Bxf3 29. Rxf3 Bxe5 0-1

[Event "4NCL/Div2/WES1 vs. PAP"]
[Site "Wokefield Park ENG"]
[Date "2008.03.01"]
[Round "7.8"]
[White "Thilaganathan, Jessica"]
[Black "Khoo, Selina"]
[Result "1/2-1/2"]
[WhiteElo "1935"]
[BlackElo "1998"]
[PlyCount "69"]
[EventDate "2008.03.01"]
[EventType "team"]
[EventRounds "11"]
[EventCountry "ENG"]
[SourceDate "2007.09.15"]

1. d4 d5 2. c4 c6 3. Nc3 dxc4 4. a4 Nf6 5. Nf3 Bf5 6. e3 e6 7. Bxc4 Bb4 8. O-O
Nbd7 9. Qe2 Bg6 10. Rd1 Qa5 11. Bd2 O-O 12. Na2 Bxd2 13. Qxd2 Qc7 14. Nc3 Rfd8
15. Bd3 Bh5 16. Be2 Nc5 17. Qe1 Ncd7 18. Rac1 Rac8 19. h3 Qa5 20. Nd2 Bg6 21.
Nc4 Qb4 22. a5 b5 23. axb6 axb6 24. Na2 Qe7 25. Nb4 Nd5 26. Nd3 c5 27. dxc5
Nxc5 28. Nxc5 bxc5 29. Bd3 Bxd3 30. Rxd3 Nb4 31. Rxd8+ Rxd8 32. Rd1 Rd5 33. Nb6
Rxd1 34. Qxd1 g6 35. Nc4 1/2-1/2

[Event "4NCL/Div2/BARY vs. KHE"]
[Site "Wokefield Park ENG"]
[Date "2008.03.01"]
[Round "7.1"]
[White "Dorrington, Christopher"]
[Black "Spivack, Simon"]
[Result "1-0"]
[WhiteElo "2248"]
[BlackElo "2191"]
[PlyCount "63"]
[EventDate "2008.03.01"]
[EventType "team"]
[EventRounds "11"]
[EventCountry "ENG"]
[SourceDate "2007.09.15"]

1. e4 e5 2. Bc4 Nf6 3. d3 Bc5 4. f4 d6 5. Nf3 Nc6 6. Nc3 Bg4 7. Na4 O-O 8. c3
a6 9. Nxc5 dxc5 10. h3 Bxf3 11. Qxf3 Qd6 12. a4 Rad8 13. O-O Nd7 14. f5 Na5 15.
Ba2 c4 16. Rd1 Nc5 17. Bg5 f6 18. dxc4 Qc6 19. Be3 Ncb3 20. Rxd8 Rxd8 21. Rd1
Rf8 22. Qg4 Kh8 23. Qh5 Qxe4 24. Bf2 Qxc4 25. Rd7 Kg8 26. Qd1 h6 27. Rd5 Qxa4
28. Rxa5 Qxa5 29. Bxb3+ Kh8 30. Be6 Qb5 31. Be3 Qxb2 32. Qh5 1-0

[Event "4NCL/Div2/BARY vs. KHE"]
[Site "Wokefield Park ENG"]
[Date "2008.03.01"]
[Round "7.2"]
[White "Kwiatkowski, Feliks J"]
[Black "Kilpatrick, Callum"]
[Result "1/2-1/2"]
[WhiteElo "2233"]
[BlackElo "2209"]
[PlyCount "116"]
[EventDate "2008.03.01"]
[EventType "team"]
[EventRounds "11"]
[EventCountry "ENG"]
[SourceDate "2007.09.15"]

1. e4 e5 2. Nf3 Nc6 3. Bb5 a6 4. Ba4 Nf6 5. O-O Be7 6. Re1 b5 7. Bb3 d6 8. c3
O-O 9. h3 Na5 10. Bc2 c5 11. d4 Qc7 12. Nbd2 cxd4 13. cxd4 Rd8 14. b3 Nc6 15.
Bb2 Bb7 16. Rc1 Qb6 17. d5 Nb4 18. Bb1 a5 19. Qe2 Rdc8 20. a3 Na6 21. Bd3 Nc5
22. Qe3 Nfd7 23. b4 Nxd3 24. Qxd3 a4 25. Nf1 Ba6 26. Ne3 Qb7 27. Re2 Nb6 28.
Rec2 Rxc2 29. Rxc2 Rc8 30. Rxc8+ Qxc8 31. Qc3 Qxc3 32. Bxc3 Bc8 33. Kf1 f5 34.
exf5 Bb7 35. Ke2 Nxd5 36. Nxd5 Bxd5 37. g4 Bf6 38. Nd2 Bg2 39. f3 Bxh3 40. Ne4
d5 41. Nd6 d4 42. Bd2 h5 43. gxh5 Kf8 44. Nxb5 Bxf5 45. Nd6 Be6 46. Kd3 Be7 47.
Ne4 Bh3 48. Nc5 Bxc5 49. bxc5 Ke7 50. f4 Ke6 51. fxe5 Kxe5 52. h6 {=} Bf1+ 53.
Kc2 gxh6 54. Bxh6 Kd5 55. Bf8 Bb5 56. c6 {=} Bxc6 57. Kd2 Kc4 58. Be7 Be4
1/2-1/2

[Event "4NCL/Div2/BARY vs. KHE"]
[Site "Wokefield Park ENG"]
[Date "2008.03.01"]
[Round "7.3"]
[White "Coleman, David"]
[Black "Okike, David C"]
[Result "0-1"]
[WhiteElo "2217"]
[BlackElo "2189"]
[PlyCount "146"]
[EventDate "2008.03.01"]
[EventType "team"]
[EventRounds "11"]
[EventCountry "ENG"]
[SourceDate "2007.09.15"]

1. e4 e6 2. d4 d5 3. Nc3 Nf6 4. Bg5 dxe4 5. Nxe4 Be7 6. Bxf6 gxf6 7. Nf3 f5 8.
Nc3 Nd7 9. Qd2 c6 10. Bd3 Nf6 11. O-O Rg8 12. Rfe1 Kf8 13. Re2 Bd7 14. Rae1 Bd6
15. h3 Rg7 16. Ne5 Be8 17. Qh6 Ng8 18. Qe3 Nf6 19. Qh6 Kg8 20. Nf3 Bd7 21. Ne5
Be8 22. Nf3 Rg6 23. Qh4 Bd7 24. Ne5 Rg7 25. a3 Rc8 26. Bc4 b5 27. Bb3 b4 28.
axb4 Bxb4 29. Re3 Be8 30. Ra1 a5 31. Ne2 Be7 32. Qh6 Ne4 33. f4 c5 34. Rd3 cxd4
35. Rad1 a4 36. Bxe6 fxe6 37. Qxe6+ Bf7 38. Qxf5 Nd6 39. Nxf7 Nxf5 40. Nxd8
Bxd8 41. R1d2 Ba5 42. c3 dxc3 43. Nxc3 a3 44. bxa3 Rxc3 45. Rxc3 Bxc3 46. Rd8+
Kf7 47. g4 Ke6 48. Kf2 Nd6 49. Rb8 Kd5 50. Kf3 Re7 51. h4 Bd2 52. g5 Rf7 53. h5
Rxf4+ 54. Ke2 Bc3 55. Rd8 Rh4 56. h6 Rh5 57. Rd7 Rxg5 58. Rxh7 Rh5 59. Kd3 Rh3+
60. Kc2 Bf6 61. a4 Nc4 62. Rd7+ Kc6 63. Rf7 Rxh6 64. Kb3 Nd6 65. Rf8 Rh3+ 66.
Ka2 Be7 67. Rb8 Nc4 68. Rc8+ Kd5 69. Ra8 Rh2+ 70. Kb1 Kd4 71. a5 Kc3 72. Rc8
Kb3 73. Rb8+ Bb4 0-1

[Event "4NCL/Div2/BARY vs. KHE"]
[Site "Wokefield Park ENG"]
[Date "2008.03.01"]
[Round "7.4"]
[White "Wittmann, Jochen"]
[Black "Farrand, Julian T"]
[Result "1/2-1/2"]
[WhiteElo "2165"]
[BlackElo "2151"]
[PlyCount "53"]
[EventDate "2008.03.01"]
[EventType "team"]
[EventRounds "11"]
[EventCountry "ENG"]
[SourceDate "2007.09.15"]

1. e4 d6 2. Nc3 Nf6 3. g3 e5 4. Bg2 c6 5. d3 Be7 6. Nge2 Bg4 7. h3 Be6 8. O-O
d5 9. exd5 Nxd5 10. Nxd5 Bxd5 11. d4 Bxg2 12. Kxg2 Qd5+ 13. Kh2 Nd7 14. dxe5
Qxd1 15. Rxd1 Nxe5 16. Bf4 Ng6 17. Be3 a6 18. Nc3 b5 19. Ne4 Rd8 20. Bb6 Rd7
21. Kg2 Rb7 22. Bc5 O-O 23. Rd2 f5 24. Bxe7 Rxe7 25. Nc5 a5 26. Rad1 f4 27. Nb3
1/2-1/2

[Event "4NCL/Div2/BARY vs. KHE"]
[Site "Wokefield Park ENG"]
[Date "2008.03.01"]
[Round "7.5"]
[White "Levermore, Peter A"]
[Black "O'Shaughnessy, Conor"]
[Result "1-0"]
[WhiteElo "2120"]
[BlackElo "2209"]
[PlyCount "101"]
[EventDate "2008.03.01"]
[EventType "team"]
[EventRounds "11"]
[EventCountry "ENG"]
[SourceDate "2007.09.15"]

1. e4 c5 2. c3 Nf6 3. e5 Nd5 4. d4 cxd4 5. Nf3 e6 6. cxd4 b6 7. Nc3 Bb7 8. Bd3
Be7 9. O-O O-O 10. Re1 f5 11. Bd2 Nb4 12. Bb1 N8a6 13. a3 Nd5 14. Nxd5 Bxd5 15.
Bd3 Nc7 16. Rc1 Bc6 17. b4 a5 18. Qb3 axb4 19. Bxb4 Nd5 20. Bc4 Bxb4 21. axb4
Ra7 22. Ra1 Qa8 23. Qb2 b5 24. Rxa7 Qxa7 25. Ra1 Qb7 26. Bf1 Nb6 27. Nd2 Na4
28. Qa3 Qb6 29. Nb3 Ra8 30. Qc1 Ra7 31. Nc5 Nxc5 32. dxc5 Qb8 33. Qb2 Qa8 34.
Rxa7 Qxa7 35. Bd3 Qa4 36. Bc2 Qa8 37. f3 Qd8 38. Qc3 Qg5 39. Bb3 Qf4 40. Bd1
Qh4 41. Be2 h6 42. g3 Qd8 43. Qa1 Kf7 44. Qa7 g5 45. Kf2 h5 46. Qb6 Qxb6 47.
cxb6 Ke7 48. Bxb5 Bb7 49. f4 gxf4 50. gxf4 h4 51. Ke3 1-0

[Event "4NCL/Div2/BARY vs. KHE"]
[Site "Wokefield Park ENG"]
[Date "2008.03.01"]
[Round "7.6"]
[White "Lewis, Alex"]
[Black "Moore, John C"]
[Result "1-0"]
[WhiteElo "2172"]
[BlackElo "2057"]
[PlyCount "105"]
[EventDate "2008.03.01"]
[EventType "team"]
[EventRounds "11"]
[EventCountry "ENG"]
[SourceDate "2007.09.15"]

1. e4 e5 2. f4 Bc5 3. Nf3 d6 4. Nc3 Nc6 5. Bb5 Nf6 6. d3 a6 7. Bxc6+ bxc6 8.
fxe5 dxe5 9. Qe2 Qe7 10. Bg5 Rb8 11. Nd1 O-O 12. Rf1 Qd6 13. b3 a5 14. Ne3 Bb4+
15. Kf2 Ng4+ 16. Kg1 f6 17. Nxg4 Bxg4 18. Be3 Bc3 19. Rad1 Rb4 20. h3 Bxf3 21.
Rxf3 Bd4 {=} 22. a4 Rbb8 23. g4 Qc5 24. Bxd4 Qxd4+ 25. Qf2 c5 26. Kg2 Qxf2+ 27.
Kxf2 Rfd8 28. Ke2 h6 29. h4 Rb6 30. Rg1 Rf8 31. Rgf1 Kf7 32. g5 hxg5 33. hxg5
Rh8 34. Kd2 Rh2+ 35. Kc3 Rg2 36. gxf6 Rxf6 37. Rxf6+ gxf6 38. Rc1 f5 39. exf5
Rg4 40. Re1 Kf6 41. Re4 Rf4 42. Kc4 Kxf5 43. Kd5 c6+ 44. Kxc5 Rxe4 45. dxe4+
Kxe4 46. b4 Kf4 47. b5 cxb5 48. axb5 e4 49. b6 e3 50. b7 e2 51. b8=Q+ Ke3 52.
Qg3+ Kd2 53. Qd3+ 1-0

[Event "4NCL/Div2/BARY vs. KHE"]
[Site "Wokefield Park ENG"]
[Date "2008.03.01"]
[Round "7.7"]
[White "O'Toole, George E"]
[Black "Thomas, Richard H"]
[Result "0-1"]
[WhiteElo "1985"]
[BlackElo "2176"]
[PlyCount "50"]
[EventDate "2008.03.01"]
[EventType "team"]
[EventRounds "11"]
[EventCountry "ENG"]
[SourceDate "2007.09.15"]

1. e4 Nc6 2. Nf3 d6 3. d4 Nf6 4. Nc3 a6 5. Be3 Bg4 6. Be2 e6 7. a4 Be7 8. O-O
O-O 9. h3 Bh5 10. d5 exd5 11. exd5 Nb4 12. Bc4 Qd7 13. Bb3 c5 14. a5 Qf5 15.
Nh4 Qd7 16. Nf3 Bd8 17. Bf4 Bc7 18. Bg5 Qf5 19. Bxf6 Qxf6 20. g4 Bg6 21. Kg2
Qd8 22. Ne2 f5 23. g5 f4 24. Qd2 Be4 25. h4 Qd7 0-1

[Event "4NCL/Div2/BARY vs. KHE"]
[Site "Wokefield Park ENG"]
[Date "2008.03.01"]
[Round "7.8"]
[White "Haria, Ravi"]
[Black "Smith, Lucy"]
[Result "1/2-1/2"]
[WhiteElo "1585"]
[BlackElo "1855"]
[PlyCount "77"]
[EventDate "2008.03.01"]
[EventType "team"]
[EventRounds "11"]
[EventCountry "ENG"]
[SourceDate "2007.09.15"]

1. e4 c5 2. Nf3 d6 3. c3 e6 4. d4 cxd4 5. cxd4 a6 6. Nc3 Be7 7. Bd3 Nf6 8. O-O
h6 9. Bf4 d5 10. e5 Nfd7 11. Re1 Nc6 12. a3 b5 13. b4 Qb6 14. Bc2 Bb7 15. Na2
a5 16. Qd2 axb4 17. Nxb4 Ra7 18. Nxc6 Qxc6 19. Re3 Nb6 20. Rc3 Nc4 21. Qd3 b4
22. Rb3 Rxa3 23. Rbxa3 Nxa3 24. Bb3 Qc3 25. Qxc3 bxc3 26. Ne1 O-O 27. Nc2 Nxc2
28. Bxc2 Bg5 29. Be3 Rc8 30. Ra7 Bc6 31. Ra3 Bb5 32. Ra5 Be2 33. Bxg5 hxg5 34.
f3 g6 35. Kf2 Bc4 36. Ra3 Bb5 37. Ra5 Bc4 38. Ra3 Bb5 39. Ra5 1/2-1/2

[Event "4NCL/Div2/PPA1 vs. SWD1"]
[Site "Wokefield Park ENG"]
[Date "2008.03.01"]
[Round "7.1"]
[White "Swanson, Stephen"]
[Black "Cobb, James E"]
[Result "0-1"]
[WhiteElo "2242"]
[BlackElo "2412"]
[PlyCount "78"]
[EventDate "2008.03.01"]
[EventType "team"]
[EventRounds "11"]
[EventCountry "ENG"]
[SourceDate "2007.09.15"]

1. e4 e6 2. d3 d5 3. Nd2 Nf6 4. g3 dxe4 5. dxe4 Nc6 6. Bg2 e5 7. Ngf3 Bc5 8.
O-O O-O 9. c3 a5 10. Qc2 Be6 11. h3 h6 12. Nh4 Nh5 13. Kh2 Qd7 14. Nf5 Rfd8 15.
a4 Qd3 16. Qxd3 Rxd3 17. Bf3 Nf6 18. Be2 Rxd2 19. Bxd2 Nxe4 20. Nxh6+ gxh6 21.
Bxh6 Nxf2 22. g4 e4 23. Bf4 Bb6 24. Kg3 Nd3 25. Bxd3 exd3 26. Rf3 Rd8 27. Rd1
Bc4 28. h4 Re8 29. b3 Bxb3 30. Rdxd3 Bxa4 31. Rd5 Bc2 32. Rg5+ Kf8 33. Bc1 Re6
34. Ba3+ Ne7 35. h5 Be4 36. Rf1 c6 37. Rd1 Ke8 38. Rg7 Bc7+ 39. Kh4 Be5 0-1